A. Quincy Jones / (Record no. 353276)

000 -LEADER
fixed length control field 00739 a2200241 4500
003 - CONTROL NUMBER IDENTIFIER
control field OSt
005 - DATE AND TIME OF LATEST TRANSACTION
control field 20260203112230.0
008 - FIXED-LENGTH DATA ELEMENTS--GENERAL INFORMATION
fixed length control field 120618t xxu||||| |||| 00| 0 eng d
010 ## - LIBRARY OF CONGRESS CONTROL NUMBER
NUCMC control number 2002510104
020 ## - INTERNATIONAL STANDARD BOOK NUMBER
International Standard Book Number 9780714848433
040 ## - CATALOGING SOURCE
Transcribing agency 0
082 ## - DEWEY DECIMAL CLASSIFICATION NUMBER
Classification number 720.92
100 ## - MAIN ENTRY--PERSONAL NAME
Personal name Buckner, Cory
9 (RLIN) 133055
245 10 - TITLE STATEMENT
Title A. Quincy Jones /
Statement of responsibility, etc. Cory Buckner.
260 ## - PUBLICATION, DISTRIBUTION, ETC.
Place of publication, distribution, etc. London :
Name of publisher, distributor, etc. Phaidon,
Date of publication, distribution, etc. 2002.
300 ## - PHYSICAL DESCRIPTION
Extent 272 p. :
Other physical details ill. ;
Dimensions 21 cm.
650 10 - SUBJECT ADDED ENTRY--TOPICAL TERM
Topical term or geographic name entry element Architecture, American
9 (RLIN) 32858
650 10 - SUBJECT ADDED ENTRY--TOPICAL TERM
Topical term or geographic name entry element Architecture, Modern
9 (RLIN) 32028
650 10 - SUBJECT ADDED ENTRY--TOPICAL TERM
Topical term or geographic name entry element Architects
Geographic subdivision United States
9 (RLIN) 32713
650 10 - SUBJECT ADDED ENTRY--TOPICAL TERM
Topical term or geographic name entry element Architecture
Geographic subdivision California
-- Los Angeles
9 (RLIN) 34126
942 ## - ADDED ENTRY ELEMENTS (KOHA)
Institution code [OBSOLETE] SADA
Koha item type Book
Call number prefix 720.92 BUC 2002
Source of classification or shelving scheme
Holdings
Withdrawn status Lost status Source of classification or shelving scheme Damaged status Not for loan Permanent Location Current Location Date acquired Total Checkouts Full call number Barcode Date last seen Date last checked out Cost, replacement price Price effective from Koha item type Source of acquisition Copy number
          School of Art Design and Architecture (SADA) School of Art Design and Architecture (SADA) 06/28/2011 3 720.92 BUC 2002 SADA0001378 05/28/2012 05/18/2012 1919.00 08/05/2011 Book    
          School of Art Design and Architecture (SADA) School of Art Design and Architecture (SADA) 01/04/2017 1 720.92 BUC 2002 SADA0002631 04/07/2025 02/26/2025 948.17 02/13/2024 Book S.A.Rehman 02
© 2023 Central Library, National University of Sciences and Technology. All Rights Reserved.